00574 a2200169 4500020001500000020001800015082001000033100002100043245020600064250001200270260003200282300002100314700002100335700002000356700001400376700001400390 a0415283892 a978041528389204a515.3 aElaydi, Saber N.10aNew trends in difference equations :bproceedings of the fifth international conference on difference equations tampico, chile, january 2-7, 2000 /cSaber N. Elaydi, J. LopezFenner, G. Ladas, M. Pinto. a1st ed. a[S.l.] :bCRC Press,c2002. a320 p. ;c25 cm.1 aElaydi, Saber N.1 aLopezFenner, J.1 aLadas, G.1 aPinto, M.